Logo BPK

Biblioteka

Politechniki Koszalińskiej

Royal Manticoran Navy : (Rekord nr 49687)

Szczegóły MARC
000 -ETYKIETA REKORDU
podpole kontrolne o stałej długości 01010nam a2200289 i 4500
001 - NUMER KONTROLNY REKORDU
pole kontrolne bg
015 ## - NUMER BIBLIOGRAFII NARODOWEJ
Numer bibliografii narodowej PB 23303/2010
020 ## - MIĘDZYNARODOWY ZNORMALIZOWANY NUMER KSIĄŻKI - ISBN
ISBN 9788375101867
040 ## - ŹRÓDŁO KATALOGOWANIA
Instytucja, która utworzyła rekord BPK
041 1# - KOD JĘZYKA
Kod języka tekstu pol
Kod języka oryginału eng
044 ## - KOD KRAJU WYDAWCY/PRODUCENTA
Kod kraju wydawcy/producenta POL
080 ## - UNIWERSALNA KLASYFIKACJA DZIESIĘTNA - UKD
UKD 821.111(73)(091)-3"1945/..."(02.025.2)A/Z
920 ## - Międzynarodowy znormalizowany numer książki – ISBN
ISBN 978-83-7510-186-7
008 - POLE O STAŁEJ DŁUGOŚCI - DANE KONTROLNE
podpole kontrolne o stałej długości 110216s2008 pl a |000 0 pol
100 1# - NAZWA OSOBOWA
Nazwa osobowa Weber, David
Daty związane z nazwą (1952- ).
245 10 - TYTUŁ/ODPOWIEDZIALNOŚĆ
Tytuł Royal Manticoran Navy :
Ciąg dalszy tytułu Jayne's rocznik 1905 P.D. /
Pozostałe elementy strefy tytułu i oznaczenia odpowiedzialności David Weber, Ken Burnside, Thomas Pope ; przeł. Jarosław Kotarski.
246 1# - WARIANT TYTUŁU
Treść wyrażenia wprowadzającego Tyt. oryg.:
Tytuł Jayne's intelligence review 1905PD :
Ciąg dalszy tytułu the royal manticoran navy
260 ## - STREFA ADRESU WYDAWNICZEGO
Miejsce wydania Poznań :
Nazwa wydawcy/dystrybutora Dom Wydawniczy Rebis,
Data publikacji, dystrybucji/powstania dokumentu 2008.
300 ## - STREFA OPISU FIZYCZNEGO
Objętość 68 s. :
Inne cechy fizyczne il. kolor. ;
Rozmiary 28 cm.
490 1# - STREFA SERII I DOKUMENTU WIELOCZĘŚCIOWEGO - FORMA NIE DO WYSZUKIWANIA
Tytuł i oznaczenie odpowiedzialności serii Honor Harrington / David Weber
610 24 - HASŁO PRZEDMIOTOWE W FORMIE NAZWY CIAŁA ZBIOROWEGO
Nazwa ciała zbiorowego lub nazwa geograficzna Royal Manticoran Navy (wojsko fikcyjne)
700 1# - HASŁO DODATKOWE - NAZWA OSOBOWA
Nazwa osobowa Burnside, Ken.
700 1# - HASŁO DODATKOWE - NAZWA OSOBOWA
Nazwa osobowa Pope, Thomas.
700 1# - HASŁO DODATKOWE - NAZWA OSOBOWA
Nazwa osobowa Kotarski, Jarosław
Dopowiedzenie (tłumacz).
Określenie związku między hasłem a opisywanym materiałem Tł.
800 1# - HASŁO DODATKOWE OPISU DOKUMENTU WIELOCZĘŚCIOWEGO - NAZWA OSOBOWA
Nazwa osobowa Weber, David
Daty związane z nazwą (1952- ).
Tytuł dzieła Honor Harrington
942 ## - DODATKOWE ELEMENTY (KOHA)
Typ dokumentu Książka
Egzemplarze
Wycofany Status egzemplarza Uszkodzony Dostępność Lokalizacja stała Lokalizacja bieżąca Miejsce przechowywania Sygnatura Kod kreskowy Typ dokumentu
      Dostępny Biblioteka Politechniki Koszalińskiej Biblioteka Politechniki Koszalińskiej Wypożyczalnia BG S 1510 02508511 Książka
© 2023 Biblioteka Politechniki Koszalińskiej :: KOHA